| 000 | 00554nam a2200217 a 4500 | ||
|---|---|---|---|
| 001 | 52648 | ||
| 003 | BD-RjUL | ||
| 005 | 20211209075835.0 | ||
| 008 | 160924s1995 nyu 000 0 eng | ||
| 035 | _a(BD-RjUL)52768 | ||
| 040 |
_aDLC _cDLC _dDLC _beng |
||
| 041 | _aeng | ||
| 082 |
_a428.64 _bKRP 1995 |
||
| 100 | 1 |
_aKral, THomas _9134217 |
|
| 245 | 1 | 0 |
_aPortraits in words / _cTHomas Kral |
| 260 |
_aNew York : _bOdyssey Press, _c1995 |
||
| 300 |
_a141 p. ; _c25 cm. |
||
| 650 | 0 |
_aReaders _9157429 |
|
| 942 |
_2ddc _cBK |
||
| 999 |
_c52648 _d52648 |
||